00961ntm a22002417a 450000500170000000800410001704000280005808200170008610000400010324501090014326000100025230000350026250001790029759000100047665000390048665300230052565500090054870000260055777700090058394200080059299900170060095201020061720170813143810.0170802s2015 xx a frb 000 0 eng d aEG-ScBUEbengcEG-ScBUE40222a624bFAT1 aAbd El Fattah, Ahmed Mohamed Hamed.10aDelay and risk analysis in construction projects using emea method /cAhmed Mohamed Hamed Abd El Fattah. c2015. a61 p. :bill. (col.) ;c28 cm. aA dissertation submitted to the faculty of engineering the British University in Egypt,in partial fulfillment of the requirements for the bachelor degree in civil engineering anagwa 72BUEshaCivil EngineeringvProjects bENGCIVcAugust2017 vSPRO1 aMorcos, Maged s.eths ASPRO 2ddc c25371d25343 00102ddc4070aMAINbMAINc2NDd2017-08-09l0o624 ABDp000046686r2025-07-15 00:00:00yPROJST